MARC details
| 000 -LEADER |
| fixed length control field |
02382cam a2200445 4500 |
| 001 - CONTROL NUMBER |
| control field |
L125854 |
| 008 - FIXED-LENGTH DATA ELEMENTS--GENERAL INFORMATION |
| fixed length control field |
040416n2007 000 0 eng u |
| 020 ## - INTERNATIONAL STANDARD BOOK NUMBER |
| International Standard Book Number |
1845921208 |
| -- |
9781845921200 |
| 035 ## - SYSTEM CONTROL NUMBER |
| System control number |
(Sirsi) u125854 |
| 050 04 - LIBRARY OF CONGRESS CALL NUMBER |
| Classification number |
346.4104342 $2 18 |
| 100 1# - MAIN ENTRY--PERSONAL NAME |
| Personal name |
Sherriff, Gerald |
| 245 00 - TITLE STATEMENT |
| Title |
Service charges for leasehold, freehold and commonhold |
| 260 ## - PUBLICATION, DISTRIBUTION, ETC. |
| Place of publication, distribution, etc. |
Hayward Heath |
| Name of publisher, distributor, etc. |
Tottel |
| Date of publication, distribution, etc. |
2007 |
| 300 ## - PHYSICAL DESCRIPTION |
| Extent |
xxxii, 622p. |
| Dimensions |
26cm. |
| 350 ## - PRICE (NR) (BK AM CF MU VM SE) [OBSOLETE] |
| Price |
98.00 |
| 505 2# - FORMATTED CONTENTS NOTE |
| Formatted contents note |
The origins of service charges -- General principles and elements -- Drafting and negotiating service charge provision -- The procedure for collection -- Some specific services and works -- Other service charge provisions -- Sinking funds and reserve funds -- Service charges and rent -- The main statutory provisions affecting service charges -- Statutory provision applying in limited cases -- The codes of practice -- Management companies and similar bodies -- Apportionments on sale and surrender -- Maximising service charge recovery for leases -- Challenging a service charge demand -- Freehold equivalents of service charges -- Commonhold -- Service charges under various regimes |
| 520 ## - SUMMARY, ETC. |
| Summary, etc. |
Discusses the law affecting dwellings and the provisions through which landlords can recover spent money from tenants. Covers both legal and practical elements of service charges, and includes sections on rent charges and commonhold assessment. |
| 590 ## - LOCAL NOTE (RLIN) |
| Local note |
KA |
| 650 24 - SUBJECT ADDED ENTRY--TOPICAL TERM |
| Topical term or geographic name entry element |
COMMONHOLD AND LEASEHOLD REFORM ACT 2002 |
| 650 24 - SUBJECT ADDED ENTRY--TOPICAL TERM |
| Topical term or geographic name entry element |
LANDLORD AND TENANT (COVENANTS) ACT 1995 |
| 650 24 - SUBJECT ADDED ENTRY--TOPICAL TERM |
| Topical term or geographic name entry element |
COMMONHOLD REGULATIONS 2004 |
| 650 24 - SUBJECT ADDED ENTRY--TOPICAL TERM |
| Topical term or geographic name entry element |
ARBITRATION ACT 1996 |
| 650 24 - SUBJECT ADDED ENTRY--TOPICAL TERM |
| Topical term or geographic name entry element |
HOUSING ACT 1995 |
| 650 24 - SUBJECT ADDED ENTRY--TOPICAL TERM |
| Topical term or geographic name entry element |
LEASEHOLD REFORM, HOUSING AND URBAN DEVELOPMENT ACT 1993 |
| 650 24 - SUBJECT ADDED ENTRY--TOPICAL TERM |
| Topical term or geographic name entry element |
PROPERTY MISDESCRIPTION ACT 1991 |
| 650 24 - SUBJECT ADDED ENTRY--TOPICAL TERM |
| Topical term or geographic name entry element |
RENT ACT 1977 |
| 650 24 - SUBJECT ADDED ENTRY--TOPICAL TERM |
| Topical term or geographic name entry element |
RENTCHARGES ACT 1977 |
| 650 24 - SUBJECT ADDED ENTRY--TOPICAL TERM |
| Topical term or geographic name entry element |
LAW OF PROPERTY ACT 1925 |
| 650 24 - SUBJECT ADDED ENTRY--TOPICAL TERM |
| Topical term or geographic name entry element |
SUPPLY OF GOODS AND SERVICES ACT 1982 |
| 650 24 - SUBJECT ADDED ENTRY--TOPICAL TERM |
| Topical term or geographic name entry element |
LANDS TRIBUNAL ACT 1949 |
| 650 24 - SUBJECT ADDED ENTRY--TOPICAL TERM |
| Topical term or geographic name entry element |
UNFAIR CONTRACT TERMS ACT 1977 |
| 650 24 - SUBJECT ADDED ENTRY--TOPICAL TERM |
| Topical term or geographic name entry element |
LANDLORD AND TENANT ACT 1954 |
| 650 24 - SUBJECT ADDED ENTRY--TOPICAL TERM |
| Topical term or geographic name entry element |
LANDLORD AND TENANT ACT 1985 |
| 650 24 - SUBJECT ADDED ENTRY--TOPICAL TERM |
| Topical term or geographic name entry element |
COMPANIES ACT 1985 |
| 650 24 - SUBJECT ADDED ENTRY--TOPICAL TERM |
| Topical term or geographic name entry element |
HOUSING ACT 1985 |
| 650 24 - SUBJECT ADDED ENTRY--TOPICAL TERM |
| Topical term or geographic name entry element |
HOUSING ACT 1988 |
| 651 #4 - SUBJECT ADDED ENTRY--GEOGRAPHIC NAME |
| Geographic name |
England and Wales |
| Chronological subdivision |
1543- |
| 690 ## - LOCAL SUBJECT ADDED ENTRY--TOPICAL TERM (OCLC, RLIN) |
| Topical term or geographic name as entry element |
PROPERTY-RESIDENTIAL PROPERTY-RESIDENTIAL LANDLORD AND TENANT-RESIDENTIAL SERVICE CHARGES |
| 942 ## - ADDED ENTRY ELEMENTS (KOHA) |
| Suppress in OPAC |
0 |